| 000 | 00605nam a2200181 u 4500 | ||
|---|---|---|---|
| 001 | 000807783 | ||
| 003 | AM-YeHGA | ||
| 005 | 20250617144407.0 | ||
| 008 | 110504s1956 ai r 000 1 rus d | ||
| 040 | _aAM-YeHGA | ||
| 041 | 1 |
_arus _harm |
|
| 245 | 0 | 0 |
_aЛасточки : _bАрмянские писатели детям / _cРед. Г. Манасян. |
| 260 |
_aЕреван : _bАрмгосиздат, _c1956. |
||
| 300 |
_a336 с. ; _c21 см. |
||
| 650 | 1 | 4 |
_aАрмянская детская литература _xСборник |
| 700 | 1 |
_aМанасян, Г. _eред. _4edt |
|
| 090 | _c294840 | ||
| 999 |
_c293155 _d293155 |
||